IFM Opac

Life assurance from proposal to policy (Record no. 4472)

MARC details
000 -LEADER
fixed length control field 00382nam a2200157Ia 4500
008 - FIXED-LENGTH DATA ELEMENTS--GENERAL INFORMATION
fixed length control field 150509s9999 xx 000 0 und d
082 ## - DEWEY DECIMAL CLASSIFICATION NUMBER
Classification number 368.3200942
100 ## - MAIN ENTRY--PERSONAL NAME
Personal name New, Leslie John
245 ## - TITLE STATEMENT
Title Life assurance from proposal to policy
260 ## - PUBLICATION, DISTRIBUTION, ETC.
Place of publication, distribution, etc. London:
260 ## - PUBLICATION, DISTRIBUTION, ETC.
Name of publisher, distributor, etc. Pitman
260 ## - PUBLICATION, DISTRIBUTION, ETC.
Date of publication, distribution, etc. 1968
300 ## - PHYSICAL DESCRIPTION
Extent vii, 168p. :ill. ;23cm
500 ## - GENERAL NOTE
General note Index
650 ## - SUBJECT ADDED ENTRY--TOPICAL TERM
Topical term or geographic name entry element Insurance Life
Holdings
Withdrawn status Lost status Source of classification or shelving scheme Damaged status Not for loan Collection code Home library Current library Shelving location Date acquired Full call number Barcode Date last seen Price effective from Koha item type
    Dewey Decimal Classification     Non-fiction IFM Main Campus Library IFM Main Campus Library   05/15/2015 368.3200942 0000010172 05/15/2015 05/15/2015 Books
    Dewey Decimal Classification       IFM Main Campus Library IFM Main Campus Library   05/15/2015 368.3200942 0000010173 05/15/2015 05/15/2015 Books